Landmark report calls for new focus on value (Record no. 76260)

MARC details
000 -LEADER
fixed length control field 01212cab a2200181 4500
001 - CONTROL NUMBER
control field ##L131726
008 - FIXED-LENGTH DATA ELEMENTS--GENERAL INFORMATION
fixed length control field 051202n2005 000 0 eng u
035 ## - SYSTEM CONTROL NUMBER
System control number (Sirsi) u131726
041 0# - LANGUAGE CODE
Language code of text/sound track or separate title eng
245 00 - TITLE STATEMENT
Title Landmark report calls for new focus on value
Remainder of title Constructing Excellence launches new report 'Be Valuable'
260 ## - PUBLICATION, DISTRIBUTION, ETC.
Date of publication, distribution, etc. 2005
490 #0 - SERIES STATEMENT
Series statement Constructing Excellence in the Built Environment, 23 November 2005
520 ## - SUMMARY, ETC.
Summary, etc. Be Valuable, a new report from Constructing Excellence in the Built Environment (CEBE), calls upon the construction industry to move away from concentrating on the time and cost of new buildings, and instead focus on the value of the building throughout its lifetime, and the needs of its occupants and the wider community. It also calls for greater integration between property, construction and facilities management to encourage the industry to take a long term view.
650 24 - SUBJECT ADDED ENTRY--TOPICAL TERM
Topical term or geographic name entry element BE VALUABLE
690 ## - LOCAL SUBJECT ADDED ENTRY--TOPICAL TERM (OCLC, RLIN)
Topical term or geographic name as entry element BUILT ENVIRONMENT-CONSTRUCTION MANAGEMENT-CONSTRUCTION VALUE MANAGEMENT
856 40 - ELECTRONIC LOCATION AND ACCESS
Uniform Resource Identifier <a href="https://www.constructingexcellence.org.uk/sectorforums/buildingestatesforum/projects/project_id61.jsp">https://www.constructingexcellence.org.uk/sectorforums/buildingestatesforum/projects/project_id61.jsp</a>
Public note View a summary of the report at www.constructingexcellence.org.uk
942 ## - ADDED ENTRY ELEMENTS (KOHA)
Suppress in OPAC 0
Holdings
Withdrawn status Lost status Source of classification or shelving scheme Damaged status Not for loan Home library Current library Shelving location Date acquired Total Checkouts Full call number Barcode Date last seen Copy number Price effective from Koha item type
    Dewey Decimal Classification     Virtual Virtual Online 02/12/2005   ONLINE PUBLICATION 131726-1001 06/08/2019 1 06/08/2019 Journal article